[Event "Saratov-ch"]
[Site "Saratov"]
[Date "2014.03.01"]
[Round "6"]
[White "Gagarkine, Nikolay"]
[Black "Dvoryadkin, Maksim"]
[Result "1/2-1/2"]
[WhiteElo "1849"]
[BlackElo "2026"]
[PlyCount "123"]
[EventDate "2014.02.24"]
[EventType "swiss"]
[EventRounds "9"]
[EventCountry "RUS"]
[SourceTitle "CBM 159 Extra"]
[Source "ChessBase"]
[SourceDate "2014.04.24"]
[SourceVersion "1"]
[SourceVersionDate "2014.04.24"]
[SourceQuality "1"]

1. d4 d5 2. Nf3 Nf6 3. g3 c6 4. Bg2 Bg4 5. 0-0 Nbd7 6. Nbd2 e6 7. h3 Bh5 8. Re1 Bd6 9. c4 0-0 10. Qb3 b6 11. e4 dxe4 12. Nxe4 Nxe4 13. Rxe4 Nf6 14. Re1 Rc8 15. Be3 c5 16. Rad1 Qc7 17. g4 Bg6 18. g5 Nd7 19. Nh4 cxd4 20. Nxg6 Nc5 21. Qc2 hxg6 22. Bxd4 e5 23. Be3 Ne6 24. Bd5 Qe7 25. h4 Nc7 26. Be4 Qe6 27. Qe2 Bb4 28. Rf1 Rcd8 29. a3 Bc5 30. Bxc5 bxc5 31. Kg2 Rd4 32. Rxd4 cxd4 33. b4 f5 34. gxf6 Rxf6 35. f4 exf4 36. Bd5 Nxd5 37. Qxe6+ Rxe6 38. cxd5 Rd6 39. Kf3 Rxd5 40. Ke4 Rf5 41. Kxd4 a5 42. Kc4 axb4 43. axb4 Kf7 44. Kd4 Ke6 45. Rg1 Kf6 46. Ke4 Rb5 47. Kxf4 Rxb4+ 48. Kg3 Kf7 49. Ra1 Kg8 50. Ra5 Kh7 51. Ra8 Rb5 52. Kg4 Rb1 53. Rc8 Rg1+ 54. Kf4 g5+ 55. hxg5 Kg6 56. Rc5 Kh5 57. g6+ Kxg6 58. Kf3 Kh6 59. Rc8 g6 60. Rh8+ Kg5 61. Ra8 Rg4 62. Ra7 1/2-1/2

[Event "Saratov-ch"]
[Site "Saratov"]
[Date "2014.02.26"]
[Round "3"]
[White "Dvoryadkin, Maksim"]
[Black "Vdovin, Sergey Anatolievich"]
[Result "1/2-1/2"]
[WhiteElo "2026"]
[BlackElo "1763"]
[PlyCount "71"]
[EventDate "2014.02.24"]
[EventType "swiss"]
[EventRounds "9"]
[EventCountry "RUS"]
[SourceTitle "CBM 159 Extra"]
[Source "ChessBase"]
[SourceDate "2014.04.24"]
[SourceVersion "1"]
[SourceVersionDate "2014.04.24"]
[SourceQuality "1"]

1. d4 d5 2. c4 dxc4 3. Nf3 a6 4. e3 b5 5. a4 Bb7 6. b3 e6 7. axb5 axb5 8. Rxa8 Bxa8 9. bxc4 bxc4 10. Bxc4 Nf6 11. 0-0 Nbd7 12. Qa4 Bd6 13. Nbd2 0-0 14. Bd3 c5 15. Bb2 cxd4 16. exd4 Nb6 17. Qd1 Qb8 18. Ne5 Nbd5 19. Ndc4 Nf4 20. Bc1 Nxd3 21. Qxd3 Rd8 22. Qh3 Bxe5 23. dxe5 Ne8 24. Qg3 Qb4 25. Nd6 Nxd6 26. Ba3 Nf5 27. Bxb4 Nxg3 28. hxg3 h5 29. Bd6 Kh7 30. Rc1 Kg6 31. Rc4 Bd5 32. Rb4 Rc8 33. g4 Rc4 34. gxh5+ Kxh5 35. Rb8 Rg4 36. g3 1/2-1/2

[Event "Saratov Winter Cup"]
[Site "Saratov"]
[Date "2013.01.14"]
[Round "3"]
[White "Dvoryadkin, Maksim"]
[Black "Brekhov, Denis"]
[Result "1-0"]
[WhiteElo "2037"]
[BlackElo "1979"]
[PlyCount "91"]
[EventDate "2013.01.12"]
[EventType "swiss"]
[EventRounds "9"]
[EventCountry "RUS"]
[SourceTitle "CBM 152 Extra"]
[Source "ChessBase"]
[SourceDate "2013.02.25"]
[SourceVersion "1"]
[SourceVersionDate "2013.02.25"]
[SourceQuality "1"]

1. d4 d5 2. c4 dxc4 3. Nf3 Nf6 4. e3 e6 5. Bxc4 c5 6. 0-0 Nc6 7. Qe2 a6 8. a4 cxd4 9. Rd1 Be7 10. exd4 0-0 11. Nc3 Nb4 12. Bf4 Nbd5 13. Bg3 b6 14. Rac1 Bb7 15. Bd3 Nh5 16. Nxd5 Qxd5 17. Be5 Nf6 18. Rc7 Bd8 19. Rc2 Qd7 20. b3 Nd5 21. Qe1 Qe7 22. Be4 f5 23. Bxd5 Bxd5 24. Nd2 Qg5 25. f3 Bf6 26. Rc3 Rac8 27. Nc4 b5 28. axb5 axb5 29. Nb6 Rxc3 30. Qxc3 Bxe5 31. dxe5 Rd8 32. Nxd5 exd5 33. e6 Qe7 34. Re1 b4 35. Qe5 g6 36. Rc1 Qg7 37. e7 Re8 38. Qxd5+ Qf7 39. Qxf7+ Kxf7 40. Rc4 Rxe7 41. Rxb4 Re2 42. Rb7+ Kg8 43. h4 h6 44. b4 g5 45. hxg5 hxg5 46. Rb5 1-0

[Event "Saratov Autumn SSEU 4st stage"]
[Site "Saratov"]
[Date "2012.10.18"]
[Round "5.5"]
[White "Protopopova, Anastasiya"]
[Black "Dvoryadkin, Maksim"]
[Result "1/2-1/2"]
[WhiteElo "1811"]
[BlackElo "2043"]
[PlyCount "247"]
[EventDate "2012.10.13"]
[EventType "swiss"]
[EventRounds "5"]
[EventCountry "RUS"]
[SourceTitle "EXT 2022"]
[Source "ChessBase"]
[SourceDate "2021.10.06"]
[SourceVersion "1"]
[SourceVersionDate "2021.10.06"]
[SourceQuality "1"]

1. d4 d5 2. Nf3 Nf6 3. c4 c6 4. Nc3 e6 5. e3 Nbd7 6. Bd3 dxc4 7. Bxc4 b5 8. Bd3 a6 9. a4 Bb7 10. Qe2 b4 11. Ne4 c5 12. Nxf6+ Nxf6 13. dxc5 Bxc5 14. e4 Qb6 15. 0-0 Rd8 16. Bf4 h6 17. a5 Qa7 18. Be5 Ng4 19. Bg3 h5 20. h3 Nh6 21. Rfd1 Be7 22. Rac1 g5 23. Bc7 Rc8 24. Bb6 Qa8 25. Ne5 g4 26. Rxc8+ Qxc8 27. hxg4 Nxg4 28. Nxg4 hxg4 29. Qxg4 Qb8 30. g3 Qe5 31. Bc2 b3 32. Bb1 Qb5 33. Bd3 Qc6 34. Qg7 Rf8 35. Qc3 Qxc3 36. bxc3 f5 37. f3 Rg8 38. Kf2 Bd6 39. f4 fxe4 40. Bc4 b2 41. Bxe6 e3+ 42. Bxe3 Rh8 43. Bf5 Rh2+ 44. Ke1 Be7 45. Rb1 Bf6 46. Bd2 Bf3 47. Rxb2 Be7 48. Bc1 Rh1+ 49. Kd2 Bc5 50. Rb8+ Ke7 51. Kc2 Bd5 52. Bd2 Ba7 53. Rb1 Rh2 54. Re1+ Kf6 55. Be4 Bf7 56. g4 Be8 57. g5+ Kg7 58. Bd5 Bg6+ 59. Be4 Be8 60. Bd3 Ba4+ 61. Kc1 Bc5 62. Bc2 Bc6 63. Bb3 Bd7 64. Re5 Bd6 65. Rd5 Ba3+ 66. Kc2 Be6 67. Rd8 Bf5+ 68. Kd1 Bg4+ 69. Ke1 Rh1+ 70. Kf2 Bc5+ 71. Be3 Bxe3+ 72. Kxe3 Rh3+ 73. Kd4 Rf3 74. Rg8+ Kh7 75. g6+ Kh6 76. Bf7 Rxf4+ 77. Ke5 Rf5+ 78. Kd6 Rxa5 79. Rh8+ Kg7 80. Rh7+ Kf6 81. Be8 Rg5 82. Ra7 Bh5 83. Rxa6 Kg7 84. Kc7 Bf3 85. Kb6 Be4 86. Ra7+ Kf8 87. Bf7 Bxg6 88. Bxg6 Rxg6+ 89. Kb5 Ke8 90. c4 Kd8 91. c5 Kc8 92. Rh7 Rf6 93. c6 Rf1 94. Rh5 Rb1+ 95. Kc5 Rc1+ 96. Kd6 Rd1+ 97. Rd5 Rxd5+ 98. Kxd5 Kc7 99. Kc5 Kc8 100. Kb6 Kb8 101. Ka6 Kc7 102. Kb5 Kc8 103. Kc4 Kd8 104. Kd4 Kc8 105. Kc5 Kc7 106. Kd5 Kc8 107. Ke5 Kc7 108. Kd5 Kc8 109. Kd6 Kd8 110. Kc5 Kc7 111. Kb5 Kc8 112. Kc4 Kd8 113. Kb4 Kc8 114. Ka4 Kb8 115. Ka5 Kc7 116. Kb5 Kc8 117. Kb6 Kb8 118. Kb5 Kc7 119. Kc5 Kc8 120. Kd5 Kd8 121. Ke5 Kc7 122. Kd5 Kc8 123. Kd6 Kd8 124. Kc5 1/2-1/2

[Event "Saratov Autumn SSEU 4st stage"]
[Site "Saratov"]
[Date "2012.10.17"]
[Round "4.6"]
[White "Dvoryadkin, Maksim"]
[Black "Upolovnev, Vladimir"]
[Result "1/2-1/2"]
[WhiteElo "2043"]
[BlackElo "1863"]
[PlyCount "63"]
[EventDate "2012.10.13"]
[EventType "swiss"]
[EventRounds "5"]
[EventCountry "RUS"]
[SourceTitle "EXT 2022"]
[Source "ChessBase"]
[SourceDate "2021.10.06"]
[SourceVersion "1"]
[SourceVersionDate "2021.10.06"]
[SourceQuality "1"]

1. d4 c5 2. d5 d6 3. c4 Nf6 4. Nc3 e6 5. e4 exd5 6. cxd5 g6 7. f3 Bg7 8. Bg5 h6 9. Be3 0-0 10. Qd2 Kh7 11. Be2 Na6 12. g4 Nd7 13. h4 Ne5 14. Nh3 Nb4 15. Nf2 c4 16. f4 Nbd3+ 17. Nxd3 cxd3 18. fxe5 dxe2 19. exd6 Bxg4 20. Bf4 Re8 21. Qe3 Qb6 22. Qxb6 axb6 23. Kd2 Bxc3+ 24. bxc3 Rxe4 25. Bg3 Rea4 26. Rhb1 Rxa2+ 27. Rxa2 Rxa2+ 28. Ke3 Ra3 29. Kf4 Bd7 30. Ke3 Bg4 31. Kf4 Bd7 32. Ke3 1/2-1/2

[Event "Saratov Autumn SSEU 4st stage"]
[Site "Saratov"]
[Date "2012.10.16"]
[Round "3.4"]
[White "Dmitriev, Igor"]
[Black "Dvoryadkin, Maksim"]
[Result "1-0"]
[WhiteElo "2340"]
[BlackElo "2043"]
[PlyCount "103"]
[EventDate "2012.10.13"]
[EventType "swiss"]
[EventRounds "5"]
[EventCountry "RUS"]
[SourceTitle "EXT 2022"]
[Source "ChessBase"]
[SourceDate "2021.10.06"]
[SourceVersion "1"]
[SourceVersionDate "2021.10.06"]
[SourceQuality "1"]

1. g3 d5 2. c4 c6 3. Bg2 Nf6 4. Qa4 dxc4 5. Qxc4 e5 6. Nf3 Bd6 7. 0-0 0-0 8. d3 Be6 9. Qc2 Nbd7 10. Nbd2 Nb6 11. b3 Qe7 12. Bb2 Bg4 13. Rfe1 Rad8 14. a3 Rfe8 15. b4 Bb8 16. Rac1 Nbd5 17. e4 Nb6 18. Nb3 Na4 19. Ba1 Nb6 20. Re3 Nfd7 21. h3 Bxf3 22. Bxf3 Nf8 23. d4 Qg5 24. h4 Qh6 25. Rd3 exd4 26. Nxd4 Be5 27. Nf5 Qf6 28. Bxe5 Qxe5 29. Rcd1 Rxd3 30. Qxd3 Ne6 31. Bg4 g6 32. Nd6 Rd8 33. Nxf7 Rxd3 34. Nxe5 Rxd1+ 35. Bxd1 Nd4 36. a4 Kg7 37. f4 Nc8 38. Kf2 Nd6 39. Ke3 Ne6 40. Bg4 Nc7 41. Kd4 Na6 42. Nd3 b5 43. e5 Nc4 44. axb5 cxb5 45. Bd7 Nd2 46. Bxb5 Nc7 47. Bc4 Nf1 48. g4 Nh2 49. f5 gxf5 50. gxf5 Nf3+ 51. Kc5 Nxh4 52. Kd6 1-0

[Event "Saratov Autumn SSEU 4st stage"]
[Site "Saratov"]
[Date "2012.10.15"]
[Round "2.5"]
[White "Dvoryadkin, Maksim"]
[Black "Kocheryagina, Polina"]
[Result "1-0"]
[WhiteElo "2043"]
[BlackElo "1628"]
[PlyCount "79"]
[EventDate "2012.10.13"]
[EventType "swiss"]
[EventRounds "5"]
[EventCountry "RUS"]
[SourceTitle "EXT 2022"]
[Source "ChessBase"]
[SourceDate "2021.10.06"]
[SourceVersion "1"]
[SourceVersionDate "2021.10.06"]
[SourceQuality "1"]

1. d4 d5 2. c4 e6 3. Nc3 f5 4. Nf3 Nf6 5. g3 c6 6. Bg2 Bd6 7. 0-0 0-0 8. Qc2 Bd7 9. Ne5 Bxe5 10. dxe5 Ne4 11. Rd1 Qb6 12. Be3 Qc7 13. Nxe4 fxe4 14. cxd5 Qxe5 15. dxe6 Bxe6 16. Bxe4 h6 17. Bd4 Qc7 18. Bh7+ Kh8 19. Qg6 Bf5 20. Qxf5 Rxf5 21. Bxf5 Na6 22. Bc3 Rd8 23. Bc2 Rf8 24. Rd2 Qf7 25. f3 Qe7 26. Rad1 Nb8 27. Rd6 a6 28. Rxh6+ Kg8 29. Bb3+ Rf7 30. Rh4 Qe3+ 31. Kh1 Kf8 32. Re4 Qb6 33. Bb4+ Kg8 34. Rf4 c5 35. Bxf7+ Kf8 36. Bg6+ Ke7 37. Rf7+ Ke6 38. Bc3 Qb5 39. f4 Qc6+ 40. Kg1 1-0

[Event "Saratov Rating SSEU"]
[Site "Saratov"]
[Date "2012.08.13"]
[Round "6.1"]
[White "Dvoryadkin, Maksim"]
[Black "Muslimov, Evgeny"]
[Result "0-1"]
[WhiteElo "2038"]
[BlackElo "2135"]
[PlyCount "58"]
[EventDate "2012.08.08"]
[EventType "swiss"]
[EventRounds "7"]
[EventCountry "RUS"]
[SourceTitle "EXT 2022"]
[Source "ChessBase"]
[SourceDate "2021.10.06"]
[SourceVersion "1"]
[SourceVersionDate "2021.10.06"]
[SourceQuality "1"]

1. d4 Nf6 2. c4 c6 3. Nc3 d6 4. e4 e5 5. d5 Be7 6. Bd3 0-0 7. Nge2 Na6 8. 0-0 Nc5 9. Bb1 a5 10. h3 cxd5 11. exd5 Nfd7 12. f4 exf4 13. Nxf4 Ne5 14. Nce2 g6 15. Qc2 a4 16. Nh5 f5 17. Nhg3 Nb3 18. axb3 axb3 19. Qxb3 Rxa1 20. Bh6 Re8 21. Bf4 Bf6 22. Nc3 Qc7 23. Bxe5 Bxe5 24. Nge2 Bd7 25. Nb5 Qc5+ 26. Kh1 Bxb5 27. cxb5 Rea8 28. Qf3 Qxb5 29. g4 Qxb2 0-1

[Event "Saratov Rating SSEU"]
[Site "Saratov"]
[Date "2012.08.12"]
[Round "5.2"]
[White "Zhestkov, Igor"]
[Black "Dvoryadkin, Maksim"]
[Result "0-1"]
[WhiteElo "1918"]
[BlackElo "2038"]
[PlyCount "78"]
[EventDate "2012.08.08"]
[EventType "swiss"]
[EventRounds "7"]
[EventCountry "RUS"]
[SourceTitle "EXT 2022"]
[Source "ChessBase"]
[SourceDate "2021.10.06"]
[SourceVersion "1"]
[SourceVersionDate "2021.10.06"]
[SourceQuality "1"]

1. e4 c5 2. Nf3 d6 3. Bb5+ Bd7 4. Qe2 g6 5. 0-0 Bg7 6. e5 d5 7. e6 fxe6 8. Ng5 e5 9. Ne6 Qb6 10. Bxd7+ Nxd7 11. Nxg7+ Kf7 12. Nh5 gxh5 13. Qxh5+ Qg6 14. Qf3+ Ngf6 15. d3 Rhg8 16. Nc3 e6 17. Qh3 Qf5 18. Qxf5 exf5 19. f4 e4 20. dxe4 fxe4 21. h3 d4 22. Nb5 Rg3 23. Nd6+ Ke6 24. f5+ Kd5 25. Bf4 Rg7 26. g4 Rag8 27. Kf2 e3+ 28. Ke2 Ne5 29. Nb5 a6 30. Na3 Ne4 31. Rad1 Nxg4 32. hxg4 Rxg4 33. c4+ Kc6 34. Bxe3 Ng3+ 35. Kf3 Nxf1 36. Rxf1 Rg3+ 37. Kf4 R8g4+ 38. Ke5 Rxe3+ 39. Kf6 d3 0-1

[Event "Saratov Region-ch"]
[Site "Saratov"]
[Date "2012.06.05"]
[Round "8"]
[White "Dvoryadkin, Maksim"]
[Black "Biryukov, Dmitriy"]
[Result "0-1"]
[WhiteElo "2023"]
[BlackElo "2307"]
[PlyCount "82"]
[EventDate "2012.05.29"]
[EventType "swiss"]
[EventRounds "9"]
[EventCountry "RUS"]
[SourceTitle "CBM 148 Extra"]
[Source "ChessBase"]
[SourceDate "2012.06.22"]
[SourceVersion "1"]
[SourceVersionDate "2012.06.22"]
[SourceQuality "1"]

1. d4 d6 2. c4 g6 3. Nc3 Bg7 4. e4 Nf6 5. f3 0-0 6. Bg5 Nc6 7. Qd2 a6 8. Nge2 Rb8 9. a4 Bd7 10. h4 h5 11. Nc1 Nh7 12. Be3 e5 13. d5 Nd4 14. N3e2 Nxe2 15. Bxe2 f5 16. Bd3 Nf6 17. Bg5 Qe8 18. Ne2 fxe4 19. Bxe4 Nxe4 20. fxe4 Bxa4 21. Qa5 Bc2 22. Ng3 Rf4 23. Bxf4 exf4 24. Qd2 Bb3 25. Ne2 Qxe4 26. 0-0 Bxc4 27. Rae1 Qe3+ 28. Qxe3 fxe3 29. Rf3 Re8 30. Nf4 Bxb2 31. Kh1 e2 32. Nxg6 a5 33. Rg3 Kh7 34. Nf4 a4 35. Nxh5 a3 36. Rxa3 Bxa3 37. Nf6+ Kg6 38. Nxe8 Bb4 39. Rxe2 Bxe2 40. Nxc7 Be1 41. Ne8 Bg3 0-1

[Event "Saratov Region-ch"]
[Site "Saratov"]
[Date "2012.06.01"]
[Round "4"]
[White "Eramian, Gamlet"]
[Black "Dvoryadkin, Maksim"]
[Result "1/2-1/2"]
[WhiteElo "2071"]
[BlackElo "2023"]
[PlyCount "70"]
[EventDate "2012.05.29"]
[EventType "swiss"]
[EventRounds "9"]
[EventCountry "RUS"]
[SourceTitle "CBM 148 Extra"]
[Source "ChessBase"]
[SourceDate "2012.06.22"]
[SourceVersion "1"]
[SourceVersionDate "2012.06.22"]
[SourceQuality "1"]

1. d4 d5 2. g3 c6 3. Bg2 Nf6 4. Nf3 Bf5 5. 0-0 e6 6. c4 Nbd7 7. cxd5 exd5 8. Bf4 Be7 9. Nc3 0-0 10. Re1 Ne4 11. Ne5 Ndf6 12. f3 Nxc3 13. bxc3 c5 14. e4 Be6 15. Kh1 Qa5 16. Bd2 cxd4 17. cxd4 Bb4 18. Bxb4 Qxb4 19. Rb1 Qa5 20. a4 Rab8 21. Nd3 b6 22. e5 Nd7 23. Qb3 Qd2 24. Rb2 Qh6 25. Nf4 Rfc8 26. Rc2 Rxc2 27. Qxc2 Nf8 28. Rc1 g5 29. Nxe6 Nxe6 30. Qd2 Qg6 31. Bh3 h6 32. Bxe6 Qxe6 33. Qc2 b5 34. Qc7 Qb6 35. Qxb6 Rxb6 1/2-1/2

[Event "Saratov Region-ch"]
[Site "Saratov"]
[Date "2012.05.31"]
[Round "3"]
[White "Dvoryadkin, Maksim"]
[Black "Izbosarov, Marat"]
[Result "1-0"]
[WhiteElo "2023"]
[BlackElo "1972"]
[PlyCount "53"]
[EventDate "2012.05.29"]
[EventType "swiss"]
[EventRounds "9"]
[EventCountry "RUS"]
[SourceTitle "CBM 148 Extra"]
[Source "ChessBase"]
[SourceDate "2012.06.22"]
[SourceVersion "1"]
[SourceVersionDate "2012.06.22"]
[SourceQuality "1"]

1. e4 c5 2. Nf3 d6 3. d4 cxd4 4. Nxd4 Nf6 5. Nc3 a6 6. Be3 Ng4 7. Bc1 Nf6 8. Be2 e6 9. Be3 Qc7 10. 0-0 b5 11. a3 Bb7 12. f3 Nbd7 13. Qd2 Be7 14. Rfd1 Rc8 15. Rac1 d5 16. exd5 Nxd5 17. Nxd5 Bxd5 18. a4 Bd6 19. axb5 Bxh2+ 20. Kf1 Bg3 21. Nf5 Nf6 22. Nxg3 Qxg3 23. Bf4 Qh4 24. Bg5 Qh2 25. bxa6 Bc6 26. b4 Ng4 27. Qd8+ 1-0

[Event "Saratov Region-ch"]
[Site "Saratov"]
[Date "2012.05.29"]
[Round "1"]
[White "Dvoryadkin, Maksim"]
[Black "Kruzhilin, Aleksey"]
[Result "1-0"]
[WhiteElo "2023"]
[BlackElo "1842"]
[PlyCount "65"]
[EventDate "2012.05.29"]
[EventType "swiss"]
[EventRounds "9"]
[EventCountry "RUS"]
[SourceTitle "CBM 148 Extra"]
[Source "ChessBase"]
[SourceDate "2012.06.22"]
[SourceVersion "1"]
[SourceVersionDate "2012.06.22"]
[SourceQuality "1"]

1. d4 Nf6 2. c4 e6 3. Nc3 Bb4 4. f3 c5 5. d5 Nh5 6. g3 d6 7. e4 0-0 8. Be3 e5 9. Bg2 a6 10. a4 Qa5 11. Nge2 Nd7 12. Qc1 Nb6 13. b3 f5 14. 0-0 f4 15. Bf2 g5 16. Na2 Bd2 17. Qc2 g4 18. gxf4 exf4 19. Rad1 Bb4 20. Nxb4 cxb4 21. c5 Nd7 22. cxd6 Ne5 23. Bd4 Nxf3+ 24. Rxf3 gxf3 25. Bxf3 Ng7 26. Kh1 Qd8 27. Rg1 Rf7 28. Qb2 Qf8 29. Nxf4 b6 30. Ne6 Bxe6 31. dxe6 Rb7 32. Bf6 Qxd6 33. Bxg7 1-0

[Event "Saratov SSEU Cup 2nd Stage"]
[Site "Saratov"]
[Date "2012.05.16"]
[Round "5"]
[White "Fedorova, Tatiana"]
[Black "Dvoryadkin, Maksim"]
[Result "0-1"]
[WhiteElo "1910"]
[BlackElo "2023"]
[PlyCount "54"]
[EventDate "2012.05.11"]
[EventType "swiss"]
[EventRounds "9"]
[EventCountry "RUS"]
[SourceTitle "EXT 2020"]
[Source "ChessBase"]
[SourceDate "2019.10.17"]
[SourceVersion "1"]
[SourceVersionDate "2019.10.17"]
[SourceQuality "1"]

1. c4 c6 2. g3 d5 3. cxd5 cxd5 4. Bg2 Nf6 5. b3 Nc6 6. Bb2 Bf5 7. d3 e6 8. Nf3 Qb6 9. 0-0 Be7 10. Nbd2 0-0 11. Nh4 Bg4 12. h3 Bh5 13. g4 Bg6 14. Nxg6 fxg6 15. e4 Rad8 16. Qe2 Bc5 17. Nf3 Rde8 18. Rac1 Nd7 19. Qd2 d4 20. Ne1 Bd6 21. f4 g5 22. fxg5 Rxf1+ 23. Bxf1 Rf8 24. Ng2 Bg3 25. Be2 Bf2+ 26. Kh1 Qc7 27. Bf1 Qg3 0-1

[Event "Saratov SSEU Cup 2nd Stage"]
[Site "Saratov"]
[Date "2012.05.14"]
[Round "3"]
[White "Fedukin, Alexandre"]
[Black "Dvoryadkin, Maksim"]
[Result "1/2-1/2"]
[WhiteElo "1908"]
[BlackElo "2023"]
[PlyCount "150"]
[EventDate "2012.05.11"]
[EventType "swiss"]
[EventRounds "9"]
[EventCountry "RUS"]
[SourceTitle "EXT 2020"]
[Source "ChessBase"]
[SourceDate "2019.10.17"]
[SourceVersion "1"]
[SourceVersionDate "2019.10.17"]
[SourceQuality "1"]

1. c4 c6 2. Nc3 d5 3. cxd5 cxd5 4. d4 Nf6 5. Bf4 Nc6 6. e3 Ne4 7. Nxe4 dxe4 8. Ne2 e5 9. dxe5 Bb4+ 10. Nc3 Qa5 11. Qc2 0-0 12. Be2 Nxe5 13. 0-0 Bxc3 14. bxc3 Ng6 15. Bd6 Rd8 16. Rfd1 Bf5 17. Rab1 Be6 18. c4 b6 19. Rb5 Qa6 20. a3 Rac8 21. Qxe4 Qa4 22. Rd4 Bxc4 23. Rxc4 Rxc4 24. Bxc4 Qd1+ 25. Bf1 Qxd6 26. Rb3 Qe5 27. Qc2 Qe7 28. f4 Nf8 29. Rc3 Ne6 30. Qe4 Qd7 31. Rd3 Qc7 32. h4 Nc5 33. Rxd8+ Qxd8 34. Qe5 g6 35. h5 gxh5 36. Qxh5 Qe7 37. Qf3 h6 38. g3 Nd7 39. e4 Qc5+ 40. Kh2 Nf6 41. Bg2 h5 42. Kh3 Ng4 43. e5 Kg7 44. Kh4 Kh6 45. Qc6+ Qxc6 46. Bxc6 Ne3 47. Be8 Nf5+ 48. Kh3 Kg7 49. Bd7 Nd4 50. f5 Nf3 51. e6 fxe6 52. fxe6 Kf6 53. Be8 Ng5+ 54. Kg2 Kxe6 55. Bxh5 Ke5 56. Bf3 Kd4 57. a4 Ke3 58. Bb7 Kd4 59. Kf2 Kd3 60. Bc6 Kd4 61. Bb5 Ke4 62. Be2 Nh3+ 63. Kg2 Ng5 64. Bb5 Ke3 65. Bd7 Ke2 66. Bf5 Ke3 67. Bc8 Ke2 68. Bb7 Ke3 69. Kf1 Ne4 70. g4 Kf4 71. Bxe4 Kxe4 72. Kg2 Kf4 73. Kh3 Kg5 74. Kg3 a6 75. Kf3 b5 1/2-1/2

[Event "Saratov-ch"]
[Site "Saratov"]
[Date "2012.03.02"]
[Round "7"]
[White "Dvoryadkin, Maksim"]
[Black "Nurdinov, Iliya"]
[Result "1/2-1/2"]
[WhiteElo "1993"]
[BlackElo "1801"]
[PlyCount "64"]
[EventDate "2012.02.24"]
[EventType "swiss"]
[EventRounds "9"]
[EventCountry "RUS"]
[SourceTitle "CBM 147 Extra"]
[Source "ChessBase"]
[SourceDate "2012.04.24"]
[SourceVersion "1"]
[SourceVersionDate "2012.04.24"]
[SourceQuality "1"]

1. d4 c5 2. d5 e5 3. c4 d6 4. Nc3 f5 5. e4 Nf6 6. Bd3 fxe4 7. Nxe4 Nbd7 8. Bg5 Be7 9. Bxf6 Nxf6 10. Ne2 0-0 11. 0-0 Nh5 12. N4g3 Nf4 13. Nxf4 exf4 14. Ne4 Bf6 15. Qc2 Be5 16. Nd2 g6 17. Be4 a6 18. Rab1 Qa5 19. a3 Rb8 20. Nf3 Bf6 21. Qd3 Bd7 22. b4 Qc7 23. Rfc1 Kg7 24. Qb3 b6 25. Bd3 Rfe8 26. Re1 Rxe1+ 27. Rxe1 Re8 28. Rxe8 Bxe8 29. Nd2 Be5 30. Nf3 Bf6 31. Nd2 Be5 32. b5 a5 1/2-1/2

[Event "Saratov Winter Cup 1st stage"]
[Site "Saratov"]
[Date "2012.02.17"]
[Round "8"]
[White "Izbosarov, Marat"]
[Black "Dvoryadkin, Maksim"]
[Result "0-1"]
[WhiteElo "1970"]
[BlackElo "1993"]
[PlyCount "126"]
[EventDate "2012.02.10"]
[EventType "tourn"]
[EventRounds "9"]
[EventCountry "RUS"]
[SourceTitle "EXT 2013"]
[Source "ChessBase"]
[SourceDate "2012.11.22"]
[SourceVersion "1"]
[SourceVersionDate "2012.11.22"]
[SourceQuality "1"]

1. e4 c5 2. Nf3 d6 3. Bb5+ Bd7 4. a4 Nf6 5. Qe2 Nc6 6. c3 g6 7. d4 cxd4 8. cxd4 Bg7 9. 0-0 0-0 10. h3 a6 11. Bxc6 Bxc6 12. Nc3 d5 13. e5 Ne4 14. Ne1 Qb6 15. Be3 Qb4 16. Nd3 Nxc3 17. Qd2 Qa5 18. bxc3 Bxa4 19. Nc5 b5 20. f4 e6 21. g4 Qd8 22. Kh2 Re8 23. f5 Bf8 24. f6 Qc7 25. Nd3 Rec8 26. Rfc1 Bb3 27. Bh6 Qd8 28. Bxf8 Qxf8 29. Nc5 Rxc5 30. dxc5 Qxc5 31. Rcb1 Bc4 32. Rb2 a5 33. Qh6 Qf8 34. Qxf8+ Kxf8 35. g5 a4 36. Ra3 Ke8 37. Kg3 Kd7 38. Kf4 Rh8 39. Rh2 h6 40. h4 hxg5+ 41. Kg4 Rh5 42. Ra1 Kc6 43. Rah1 a3 44. hxg5 Rxh2 45. Rxh2 a2 46. Rh1 Kc5 47. Kf4 b4 48. cxb4+ Kxb4 49. Ke3 Kb3 50. Kd4 Kb4 51. Rg1 Be2 52. Re1 Kb3 53. Kc5 Bd3 54. Ra1 Bb1 55. Kd6 d4 56. Ke7 d3 57. Kxf7 d2 58. Ke8 d1Q 59. f7 Qf3 60. f8Q Qxf8+ 61. Kxf8 Kb2 62. Rxa2+ Kxa2 63. Ke7 Bf5 0-1

[Event "Saratov Winter Cup 1st stage"]
[Site "Saratov"]
[Date "2012.02.11"]
[Round "2"]
[White "Petukhov, Dmitry"]
[Black "Dvoryadkin, Maksim"]
[Result "1/2-1/2"]
[WhiteElo "2332"]
[BlackElo "1993"]
[PlyCount "87"]
[EventDate "2012.02.10"]
[EventType "tourn"]
[EventRounds "9"]
[EventCountry "RUS"]
[SourceTitle "EXT 2013"]
[Source "ChessBase"]
[SourceDate "2012.11.22"]
[SourceVersion "1"]
[SourceVersionDate "2012.11.22"]
[SourceQuality "1"]

1. Nf3 d5 2. g3 c6 3. Bg2 Nd7 4. d4 e6 5. 0-0 Bd6 6. c4 Ngf6 7. Nc3 0-0 8. Qc2 dxc4 9. e4 e5 10. dxe5 Nxe5 11. Nxe5 Bxe5 12. a4 Qd3 13. Qxd3 cxd3 14. Be3 Rd8 15. Rfd1 Ng4 16. Bg5 f6 17. Bd2 Bd4 18. Be1 Ne5 19. Kh1 Bg4 20. f3 Nxf3 21. Rxd3 Nxe1 22. Rxe1 Bf2 23. Rxd8+ Rxd8 24. Rf1 Bb6 25. h3 Bh5 26. e5 fxe5 27. Rf5 Bg6 28. Rxe5 Kf8 29. Re1 Rd2 30. b4 Bf2 31. Rc1 Bxg3 32. b5 Rc2 33. Rxc2 Bxc2 34. bxc6 bxc6 35. Bxc6 a5 36. Kg2 Be5 37. Ne4 Ke7 38. Kf3 Ke6 39. Ke3 Kf5 40. Bd7+ Kg6 41. Be8+ Kh6 42. Kf3 g6 43. Bc6 Kh5 44. Kg2 1/2-1/2

[Event "Saratov Winter Cup 1st stage"]
[Site "Saratov"]
[Date "2012.02.10"]
[Round "1"]
[White "Dvoryadkin, Maksim"]
[Black "Efimov, Ivan"]
[Result "0-1"]
[WhiteElo "1993"]
[BlackElo "2142"]
[PlyCount "126"]
[EventDate "2012.02.10"]
[EventType "tourn"]
[EventRounds "9"]
[EventCountry "RUS"]
[SourceTitle "EXT 2013"]
[Source "ChessBase"]
[SourceDate "2012.11.22"]
[SourceVersion "1"]
[SourceVersionDate "2012.11.22"]
[SourceQuality "1"]

1. d4 Nf6 2. c4 e6 3. Nc3 Bb4 4. f3 d5 5. cxd5 exd5 6. a3 Bxc3+ 7. bxc3 0-0 8. e3 c5 9. Bd3 Nc6 10. Ne2 Re8 11. 0-0 Bd7 12. Re1 Rc8 13. Bd2 Na5 14. Ng3 cxd4 15. cxd4 Nc4 16. Bxc4 Rxc4 17. Qb3 Qc7 18. Rec1 Rc8 19. Rxc4 dxc4 20. Qc2 c3 21. Be1 Qc4 22. Rc1 Nd5 23. e4 Nb6 24. Qxc3 Qa4 25. Qe3 Rxc1 26. Qxc1 Qxd4+ 27. Bf2 Qd6 28. Nh5 f6 29. Nf4 Nc8 30. Nd5 b6 31. Qc4 Be6 32. Qb5 Kf7 33. Qa6 Bxd5 34. exd5 Qxd5 35. Be3 Qe6 36. Kf2 h5 37. Qd3 Nd6 38. Bf4 Nc4 39. Bb8 a5 40. Bf4 Qc6 41. Qh7 Qc5+ 42. Kg3 Nxa3 43. Bh6 Qf8 44. Bc1 Qd6+ 45. Bf4 Qc5 46. Bh6 Qf8 47. Bc1 Nc4 48. Qxh5+ Kg8 49. Qd5+ Qf7 50. Qa8+ Kh7 51. h4 Qg6+ 52. Kh2 Qf5 53. Qc6 b5 54. Qe8 b4 55. Qc6 Ne5 56. Qa4 Nd3 57. Qc2 b3 58. Qb1 Qe5+ 59. Kh3 Qc3 60. Be3 Qc2 61. Qa1 b2 62. Qa4 Ne5 63. f4 Qf5+ 0-1